| 000 | 00589nam a2200229Ia 4500 | ||
|---|---|---|---|
| 003 | OSt | ||
| 005 | 20220928143433.0 | ||
| 006 | a|||||r|||| 00| 0 | ||
| 007 | ta | ||
| 008 | 220927b |||||||| |||| 00| 0 eng d | ||
| 024 | _a22119 | ||
| 037 | _cTextual | ||
| 040 |
_aSDCL _cSDCL _beng |
||
| 041 |
_2eng _aeng |
||
| 082 | _aX:8C, M2 | ||
| 100 |
_aHuefner Ronald J _9505434 |
||
| 245 | 0 | _aAdvanced financial accounting | |
| 260 | _c1982 | ||
| 700 |
_a Largay James A _9505435 |
||
| 942 |
_hX:8C, M2 _cTEXL _2CC |
||
| 999 |
_c824130 _d824130 |
||